Cuestiones de hoy / (Record no. 50271)

MARC details
000 -LEADER
campo de control de longitud fija 00735nam a2200217 i 4500
001 - NÚMERO DE CONTROL
campo de control 50271
003 - IDENTIFICADOR DE NÚMERO DE CONTROL
campo de control ES-MaACL
005 - FECHA Y HORA DE LA ÚLTIMA TRANSACCIÓN
campo de control 20260129180909.0
007 - CAMPO FIJO DE DESCRIPCIÓN FÍSICA--INFORMACIÓN GENERAL
campo de control de longitud fija t|
008 - DATOS DE LONGITUD FIJA--INFORMACIÓN GENERAL
campo de control de longitud fija 030801s1972 sp ||||1| spa d
245 00 - MENCIÓN DEL TÍTULO
Título Cuestiones de hoy /
Mención de responsabilidad, etc. José Mª de Areilza ... [et al.] ; prólogo y notas introductorias de Jaime Serrars Ollé.
250 ## - MENCION DE EDICION
Mención de edición [1ª ed.].
260 ## - PUBLICACIÓN, DISTRIBUCIÓN, ETC.
Lugar de publicación, distribución, etc. [Barcelona] :
Nombre del editor, distribuidor, etc. Dopesa,
Fecha de publicación, distribución, etc. [1972]
300 ## - DESCRIPCIÓN FÍSICA
Extensión 179 p. :
Otras características físicas 2 map. ;
Dimensiones 22 cm.
490 1# - MENCIÓN DE SERIE
Mención de serie Testimonios de actualidad ;
Designación de volumen o secuencia 22
700 1# - ENTRADA AGREGADA--NOMBRE PERSONAL
Nombre de persona Areilza, José María de,
Fechas asociadas al nombre 1909-1998
9 (RLIN) 22575
700 1# - ENTRADA AGREGADA--NOMBRE PERSONAL
Nombre de persona Serrats Olle, Jaime.
9 (RLIN) 201769
830 0# - PUNTO DE ACCESO ADICIONAL DE SERIE-TÍTULO UNIFORME
Título uniforme Testimonio de actualidad
Designación de volumen o secuencia 22
9 (RLIN) 181695
852 ## - LOCALIZACIÓN
Ubicación ES-MaACL
Número de control de estantería E-5582
Sublocalización o colección R.90064
Holdings
Estatus retirado Estado de pérdida Estado de daño No para préstamo Biblioteca de origen Biblioteca actual Ubicación en estantería Fecha de adquisición Fuente de adquisición Total de préstamos Signatura topográfica completa Código de barras Visto por última vez Precio de reemplazo Tipo de ítem Koha
        Biblioteca del Ateneo de Madrid Biblioteca del Ateneo de Madrid Depósito 2 17/01/2008     E-5582 1052880 23/02/2023 23/02/2023 Libro impreso